| 000 | 00460nam a2200193Ia 4500 | ||
|---|---|---|---|
| 008 | 170918s9999 xx 000 0 und d | ||
| 020 | _a9780590129015 | ||
| 050 | _bK824 1996 | ||
| 100 | _aKonigsburg, E. L. | ||
| 245 | 4 | _aThe view from Saturday / | |
| 245 | _cE. L. Konigsburg. | ||
| 260 | _aNew York : | ||
| 260 | _bScholastic, | ||
| 260 | _c1996 | ||
| 300 | _a163 pages : | ||
| 300 | _bcolored illustration ; | ||
| 300 | _c19cm. | ||
| 500 | _a870 | ||
| 999 |
_c342076 _d342076 |
||